Slovenský potravinársky priemysel, jeho podpora a koncepcia rozvoja na obdobie rokov 2014 – 2020

Saved in:
Bibliographic Details
Main Author: Jarossová, Malgorzata Agnieszka, 1978-
Format: Book Chapter
Language:Slovak
Subjects:
Tags: Add Tag
No Tags, Be the first to tag this record!

MARC

LEADER 00000nla a2200000 4500
001 0228683
005 20240502073748.5
041 0 |a slo 
044 |a SK 
245 1 0 |a Slovenský potravinársky priemysel, jeho podpora a koncepcia rozvoja na obdobie rokov 2014 – 2020  |c Malgorzata A. Jarossová 
610 2 0 |a priemysel potravinársky 
610 2 0 |a koncepcie 
610 2 0 |a plán strednodobý 
610 2 0 |a technológia výroby 
610 2 0 |a financovanie 
610 2 0 |a potraviny 
610 2 0 |a predaj 
610 2 0 |a konkurencieschopnosť 
610 2 0 |a Slovensko 
100 1 |a Jarossová, Malgorzata Agnieszka, 1978-